000
00299nam a2200109Ia 4500
008
180205s9999 xx 000 0 und d
020
_a
935280006
100
_a
Denton, Jeremiah A.
245
_a
When hell was in session /
260
_a
USA
_b
Library of congress cataloging
_c
1982
300
_a
181 pages
999
_c
354797
_d
354797